How Now Shall we Live (Record no. 4343)

MARC details
000 -LEADER
fixed length control field 00403nam a22001697a 4500
005 - DATE AND TIME OF LATEST TRANSACTION
control field 20260408153023.0
008 - FIXED-LENGTH DATA ELEMENTS--GENERAL INFORMATION
fixed length control field 160627b xxu||||| |||| 00| 0 eng d
020 ## - INTERNATIONAL STANDARD BOOK NUMBER
ISBN 81-7362-397-x
041 ## - LANGUAGE CODE
Language code of text/sound track or separate title eng
082 ## - DEWEY DECIMAL CLASSIFICATION NUMBER
Classification number 261
100 ## - MAIN ENTRY--AUTHOR NAME
Personal name Colson, Charles and Pearcey, Nancy
245 ## - TITLE STATEMENT
Title How Now Shall we Live
260 ## - PUBLICATION, DISTRIBUTION, ETC. (IMPRINT)
Name of publisher OM
Year of publication 2002
300 ## - PHYSICAL DESCRIPTION
Number of Pages 491
650 ## - SUBJECT ADDED ENTRY--TOPICAL TERM
Topical Term social theology,
942 ## - ADDED ENTRY ELEMENTS (KOHA)
Koha item type Books
Holdings
Lost status Damaged status Collection code Home library Current library Shelving location Date acquired Cost, normal purchase price Full call number Accession Number Koha item type
    LIFE SKILL JRU Library JRU Library SHELF-101-E 27/06/2016 199.00 261 10530 Books